[Event "Sparkassen-Open A"]
[Site "Heusenstamm, Martinsee"]
[Date "2022.11.20"]
[Round "6.24"]
[White "Wilhelm, Jochen"]
[Black "Wolf, Ulrich Martin"]
[Result "0-1"]
[WhiteElo "2059"]
[BlackElo "2182"]
[PlyCount "132"]
[EventDate "2022.??.??"]
[WhiteTeam "SC 1970 Lorsch"]
[BlackTeam "SK Bad Homburg 1927"]

1. e4 c5 2. Nf3 Nc6 3. Bb5 g6 4. c3 Bg7 5. d4 Qb6 6. Qe2 cxd4 7. O-O Nf6 8.
cxd4 d5 9. e5 Ne4 10. Nc3 Nxc3 11. bxc3 O-O 12. a4 Na5 13. Ba3 Qc7 14. Bb4 Bg4
15. h3 Bxf3 16. Qxf3 Rfd8 17. Rfe1 a6 18. e6 axb5 19. exf7+ Kf8 20. Rxe7 Qxe7
21. Bxe7+ Kxe7 22. axb5 Kf8 23. Qf4 Rd7 24. g4 b6 25. Re1 Nc4 26. Re8+ Rxe8 27.
fxe8=Q+ Kxe8 28. Qb8+ Kf7 29. Qc8 Rd6 30. Qc7+ Kg8 31. h4 h6 32. Kg2 Bf8 33.
Qb8 Kf7 34. Qc7+ Be7 35. Kg3 Na3 36. Qc8 Nxb5 37. h5 gxh5 38. Qf5+ Kg7 39. c4
h4+ 40. Kh3 Nc3 41. Qe5+ Kf7 42. c5 Rf6 43. cxb6 Rxb6 44. Qh5+ Kg8 45. Qe8+ Bf8
46. Kxh4 Ne4 47. f3 Nf6 48. Qg6+ Bg7 49. g5 hxg5+ 50. Qxg5 Kf7 51. Qe5 Re6 52.
Qc7+ Re7 53. Qd6 Re6 54. Qc7+ Kg6 55. Qf4 Bh6 56. Qg3+ Kf7 57. Qc7+ Re7 58. Qb6
Bf4 59. Qb5 Re1 60. Kh3 Rg1 61. Qb7+ Kg6 62. Qb6 Kf5 63. Qc6 Rg3+ 64. Kh4 Rg2
65. Qc8+ Kg6 66. Qc2+ Rxc2 0-1

[Event "Sparkassen-Open A"]
[Site "Heusenstamm, Martinsee"]
[Date "2022.11.20"]
[Round "6.25"]
[White "Swoboda, Philipp"]
[Black "Kardoeus, David"]
[Result "1-0"]
[WhiteElo "2002"]
[BlackElo "2167"]
[PlyCount "107"]
[EventDate "2022.??.??"]
[WhiteTeam "SV Frankfurt Nord 1926"]
[BlackTeam "SV Werder Bremen"]

1. d4 Nf6 2. c4 g6 3. Nc3 Bg7 4. e4 d6 5. f3 O-O 6. Be3 c5 7. Nge2 Nc6 8. d5
Ne5 9. Ng3 h5 10. Be2 h4 11. Nf1 a6 12. a4 e6 13. Nd2 exd5 14. cxd5 h3 15. g4
Nh7 16. Qc2 Bf6 17. O-O-O b5 18. Rhg1 c4 19. f4 Nd3+ 20. Bxd3 cxd3 21. Qxd3 b4
22. Ne2 Bxg4 23. Kb1 Bd7 24. b3 Qe7 25. Rc1 Rfe8 26. Nd4 Bg7 27. Rc7 Nf6 28.
Nc6 Qf8 29. f5 Bxc6 30. dxc6 Re7 31. Rxe7 Qxe7 32. fxg6 fxg6 33. Rxg6 Kf7 34.
Rg3 Rh8 35. Qc4+ d5 36. exd5 Qd6 37. c7 Rc8 38. Qd3 Qxc7 39. Nf3 Kf8 40. Ng5
Ke7 41. Ne6 Qxg3 42. hxg3 h2 43. Qf1 Rh8 44. Bc5+ Kf7 45. Ng5+ Kg6 46. Nh3 Ne4
47. Qg2 Nxc5 48. Qxh2 Ne4 49. Qc2 Kf5 50. Nf2 Re8 51. d6 Re5 52. d7 Bf6 53. g4+
Kf4 54. Nd3+ 1-0

[Event "Sparkassen-Open A"]
[Site "Heusenstamm, Martinsee"]
[Date "2022.11.20"]
[Round "6.26"]
[White "Neininger, Ralph"]
[Black "Weil, Volker"]
[Result "1/2-1/2"]
[WhiteElo "2123"]
[BlackElo "2031"]
[PlyCount "51"]
[EventDate "2022.??.??"]
[WhiteTeam "SV Oberursel"]
[BlackTeam "SC Steinbach"]

1. d4 d6 2. Nf3 Nf6 3. c4 g6 4. Nc3 Bf5 5. Nh4 Bd7 6. e4 e5 7. Nf3 exd4 8. Nxd4
Bg7 9. Be2 O-O 10. O-O Nc6 11. Be3 Re8 12. f3 Nh5 13. Nxc6 Bxc6 14. Qd2 Qc8 15.
Bd3 Nf6 16. Rfd1 Nd7 17. Bf1 a5 18. Ne2 Nc5 19. Nd4 Ne6 20. Ne2 Nc5 21. Nf4 b6
22. Ne2 Ne6 23. Rab1 Qd8 24. b3 Qe7 25. a3 Rf8 26. Nd4 1/2-1/2

[Event "Sparkassen-Open A"]
[Site "Heusenstamm, Martinsee"]
[Date "2022.11.20"]
[Round "6.28"]
[White "Iliev, Mustafa Batuhan"]
[Black "Gebhardt, Ulrich"]
[Result "1-0"]
[WhiteElo "2089"]
[BlackElo "2006"]
[PlyCount "43"]
[EventDate "2022.??.??"]
[WhiteTeam "SV KS 1929 Großauheim"]
[BlackTeam "SK Ettlingen"]

1. e4 c6 2. d4 d5 3. e5 Bf5 4. h4 Qb6 5. g4 Bd7 6. Bh3 e6 7. Nf3 c5 8. O-O Nc6
9. c3 Rc8 10. dxc5 Bxc5 11. Nbd2 f6 12. Qe1 fxe5 13. Nxe5 Nxe5 14. Qxe5 Nf6 15.
g5 O-O 16. gxf6 Rxf6 17. Nb3 Bxf2+ 18. Kh1 Bxh4 19. Be3 Qa6 20. Nc5 Qc6 21.
Nxd7 Qxd7 22. Rxf6 1-0

[Event "Sparkassen-Open A"]
[Site "Heusenstamm, Martinsee"]
[Date "2022.11.20"]
[Round "6.29"]
[White "Perske, Paul"]
[Black "Schröder, Jürgen"]
[Result "1/2-1/2"]
[WhiteElo "2043"]
[BlackElo "2025"]
[PlyCount "58"]
[EventDate "2022.??.??"]
[WhiteTeam "Sfr.Heidesheim"]
[BlackTeam "SC Matt im Park Ffm"]

1. e4 g6 2. d4 Bg7 3. Nc3 d6 4. Be3 a6 5. Qd2 b5 6. f3 Nd7 7. g4 Bb7 8. h4 h6
9. Nge2 Nb6 10. Ng3 e6 11. h5 g5 12. a4 Nxa4 13. Nxa4 bxa4 14. Rxa4 Nf6 15. Bd3
Nd7 16. b4 c5 17. bxc5 dxc5 18. dxc5 Qc7 19. Qf2 Rc8 20. O-O Nxc5 21. Rc4 Nxd3
22. cxd3 Qd6 23. Rxc8+ Bxc8 24. d4 O-O 25. Kg2 f5 26. gxf5 exf5 27. Nxf5 Bxf5
28. exf5 Rxf5 29. Qc2 Rd5 1/2-1/2

[Event "Sparkassen-Open A"]
[Site "Heusenstamm, Martinsee"]
[Date "2022.11.20"]
[Round "6.30"]
[White "Sandten-Ma, Ulrich"]
[Black "Stümer, Paul"]
[Result "1/2-1/2"]
[WhiteElo "2105"]
[BlackElo "2009"]
[PlyCount "49"]
[EventDate "2022.??.??"]
[WhiteTeam "VSG 1880 Offenbach"]
[BlackTeam "SV Bergneustadt/Dersch"]

1. d4 Nf6 2. Nf3 g6 3. c4 Bg7 4. Nc3 O-O 5. e4 d6 6. Be2 e5 7. d5 a5 8. O-O Na6
9. Bg5 h6 10. Bh4 Qe8 11. a3 Nh7 12. Nd2 Bd7 13. Kh1 f5 14. exf5 gxf5 15. Bh5
Qc8 16. Be7 Nc5 17. Bxf8 Qxf8 18. Nb3 Na4 19. Qd2 Nf6 20. Bd1 Nxc3 21. Qxc3 Ne4
22. Qc2 a4 23. Nd2 Nc5 24. f3 Qe7 25. Be2 1/2-1/2

[Event "Sparkassen-Open A"]
[Site "Heusenstamm, Martinsee"]
[Date "2022.11.20"]
[Round "6.31"]
[White "Minor, Viatcheslav"]
[Black "Kocharin, Timur"]
[Result "0-1"]
[WhiteElo "2025"]
[BlackElo "2103"]
[PlyCount "82"]
[EventDate "2022.??.??"]
[WhiteTeam "SV Eisenach"]
[BlackTeam "TSV Schönaich"]

1. e4 c5 2. Nf3 Nc6 3. d3 Nf6 4. g3 d5 5. Nbd2 e6 6. Bg2 Be7 7. O-O O-O 8. e5
Nd7 9. Re1 Qc7 10. Qe2 b5 11. Nf1 Bb7 12. h4 Rfc8 13. Bf4 Nd4 14. Qd1 Rab8 15.
N1h2 Nxf3+ 16. Nxf3 d4 17. b3 a5 18. a4 bxa4 19. Rxa4 Bc6 20. Ra2 Ra8 21. Nd2
Nb6 22. Bxc6 Qxc6 23. Qg4 Nd5 24. Bh6 Bf8 25. Rea1 f5 26. exf6 Nxf6 27. Qg5 Kh8
28. h5 Ng8 29. Bxg7+ Bxg7 30. Rxa5 Rxa5 31. Rxa5 Qd5 32. Ne4 Nf6 33. Qxd5 exd5
34. Rxc5 Rxc5 35. Nxc5 Nxh5 36. Kg2 Kg8 37. Kf3 Kf7 38. Kg4 Nf6+ 39. Kf5 Ng8
40. Na6 Bf6 41. f4 h5 0-1

[Event "Sparkassen-Open A"]
[Site "Heusenstamm, Martinsee"]
[Date "2022.11.20"]
[Round "6.32"]
[White "Chassard, Cedric"]
[Black "Kürschner, Matthias"]
[Result "1/2-1/2"]
[WhiteElo "2041"]
[BlackElo "1990"]
[PlyCount "119"]
[EventDate "2022.??.??"]
[WhiteTeam "SC Schwarzenbach"]
[BlackTeam "SK Langen"]

1. e4 c5 2. Nf3 g6 3. d4 cxd4 4. Qxd4 Nf6 5. Nc3 Nc6 6. Qa4 d6 7. e5 dxe5 8.
Nxe5 Bg7 9. Bb5 O-O 10. Nxc6 bxc6 11. Bxc6 Rb8 12. O-O Bf5 13. Nd1 Qc7 14. Ne3
Be6 15. Rb1 Bxa2 16. Qxa2 Qxc6 17. Qc4 Qxc4 18. Nxc4 Rfc8 19. Bf4 Rb4 20. b3
Nd5 21. Bd2 Rbb8 22. Rfe1 e6 23. Rbc1 a6 24. Kf1 h5 25. h3 Bf6 26. Ne5 Bg7 27.
Nc4 Rc7 28. Ne5 Bxe5 29. Rxe5 Nb4 30. Bxb4 Rxb4 31. Re3 a5 32. c4 a4 33. bxa4
Rxa4 34. c5 Kf8 35. Ke2 Ra2+ 36. Kf3 Ke7 37. Rec3 Ra4 38. R1c2 Rd4 39. g3 Kd7
40. Ke3 Rd5 41. Rc4 Kc6 42. R4c3 Ra7 43. g4 hxg4 44. hxg4 g5 45. f3 Ra5 46. Rh2
Raxc5 47. Rxc5+ Kxc5 48. Rh7 f5 49. gxf5 exf5 50. Rc7+ Kd6 51. Rg7 f4+ 52. Ke4
Re5+ 53. Kd4 Ra5 54. Rg6+ Ke7 55. Ke4 Rb5 56. Ra6 Kf7 57. Rc6 Kg7 58. Ra6 Rc5
59. Rb6 Kf7 60. Ra6 1/2-1/2

[Event "Sparkassen-Open A"]
[Site "Heusenstamm, Martinsee"]
[Date "2022.11.20"]
[Round "6.33"]
[White "von Auer, Ulrich"]
[Black "Steinle, Carsten"]
[Result "1-0"]
[WhiteElo "2025"]
[BlackElo "2082"]
[PlyCount "81"]
[EventDate "2022.??.??"]
[WhiteTeam "SV Oberursel"]
[BlackTeam "SV Ahlen 1954"]

1. d4 e6 2. c4 Nf6 3. g3 d5 4. Bg2 Be7 5. Nf3 O-O 6. O-O c6 7. Qc2 Nbd7 8. Rd1
b6 9. b3 Bb7 10. Nc3 Rc8 11. e4 dxe4 12. Nxe4 Nxe4 13. Qxe4 Qc7 14. Qe2 Nf6 15.
Bb2 Rfd8 16. Rd3 c5 17. Rad1 Be4 18. Re3 Bf5 19. Nh4 Bg4 20. f3 Bh5 21. d5 g5
22. Nf5 exf5 23. Rxe7 Qd6 24. Qe5 Qxe5 25. Bxe5 Nd7 26. Bc3 a5 27. a4 Nf8 28.
Rde1 Rb8 29. h3 f4 30. gxf4 gxf4 31. Be5 Rbc8 32. Rb7 Ng6 33. Rxb6 Re8 34. Bc3
Re3 35. Bd2 Rd3 36. Bxa5 Nh4 37. Rc6 Ra8 38. Bc7 Bxf3 39. Bf1 Rxb3 40. Rxc5 Ra6
41. d6 1-0

[Event "Sparkassen-Open A"]
[Site "Heusenstamm, Martinsee"]
[Date "2022.11.20"]
[Round "6.34"]
[White "Siegert, Gregor"]
[Black "Wachsmann, Dietmar"]
[Result "1-0"]
[WhiteElo "1891"]
[BlackElo "1981"]
[PlyCount "51"]
[EventDate "2022.??.??"]
[WhiteTeam "Schachforum Darmstadt 1994"]
[BlackTeam "SC Groß-Umstadt"]

1. e4 c5 2. Nf3 e6 3. d3 Nc6 4. g3 g6 5. Bg5 Qb6 6. Nbd2 d5 7. exd5 exd5 8. c4
f6 9. cxd5 Nb4 10. Nc4 Qd8 11. Bd2 Qe7+ 12. Ne3 Nxd5 13. Bg2 Bh6 14. O-O Nxe3
15. Bxe3 Bxe3 16. Re1 Qd6 17. Rxe3+ Ne7 18. Qb3 Kf8 19. Rae1 Nd5 20. Re8+ Kg7
21. Qxd5 Qxd5 22. R1e7+ Kh6 23. Rxh8 Kh5 24. Rhxh7+ Kg4 25. Rh4+ Kf5 26. Rf4#
1-0

[Event "Sparkassen-Open A"]
[Site "Heusenstamm, Martinsee"]
[Date "2022.11.20"]
[Round "6.35"]
[White "Meuer, David"]
[Black "Leck, Gerrit"]
[Result "1-0"]
[WhiteElo "1793"]
[BlackElo "2029"]
[PlyCount "63"]
[EventDate "2022.??.??"]
[WhiteTeam "SV Lahnstein"]
[BlackTeam "SV Lahn Limburg"]

1. e4 c5 2. c3 Nf6 3. e5 Nd5 4. d4 cxd4 5. cxd4 d6 6. Nf3 Nc6 7. Bc4 e6 8. O-O
Be7 9. Qe2 O-O 10. Qe4 Ndb4 11. exd6 Qxd6 12. Bf4 f5 13. Qe3 Qd7 14. Qd2 Nd5
15. Bg5 Bb4 16. Nc3 a6 17. Rac1 Bxc3 18. bxc3 b5 19. Bb3 Bb7 20. Bf4 Na5 21.
Ne5 Qe8 22. Nd3 Nc4 23. Bxc4 bxc4 24. Nc5 Nxf4 25. Qxf4 Bd5 26. Rb1 Qd8 27. Rb2
Qa5 28. Rc1 Qa3 29. Rcc2 e5 30. Qxe5 Be4 31. Nxe4 fxe4 32. Rb7 1-0

[Event "Sparkassen-Open A"]
[Site "Heusenstamm, Martinsee"]
[Date "2022.11.20"]
[Round "6.36"]
[White "Schmidbauer, Frank"]
[Black "Lutze, Max"]
[Result "1-0"]
[WhiteElo "2066"]
[BlackElo "1787"]
[PlyCount "91"]
[EventDate "2022.??.??"]
[WhiteTeam "SV Wollishofen Zuerich"]
[BlackTeam "MS Halver-Schalksmühle"]

1. Nf3 Nf6 2. g3 g6 3. Bg2 Bg7 4. c4 O-O 5. d4 c5 6. Nc3 cxd4 7. Nxd4 Nc6 8.
Nc2 d6 9. O-O Be6 10. b3 Qa5 11. Bd2 Qh5 12. e4 Bg4 13. f3 Be6 14. Nd5 Bxd5 15.
cxd5 Ne5 16. f4 Qxd1 17. Rfxd1 Ned7 18. Be3 Ng4 19. Bd4 Bxd4+ 20. Nxd4 Ne3 21.
Rdc1 Nxg2 22. Kxg2 Rac8 23. Kf3 Nc5 24. Ke3 a5 25. Rc4 a4 26. Rac1 axb3 27.
axb3 Ra8 28. b4 Ra3+ 29. R1c3 Rxc3+ 30. Rxc3 Na6 31. Rc4 Rd8 32. g4 h6 33. h4
b5 34. Nxb5 Rb8 35. Nd4 Rxb4 36. Rxb4 Nxb4 37. Nc6 Nc2+ 38. Kd2 Na3 39. Nxe7+
Kf8 40. Nc8 Nc4+ 41. Kd3 Nb2+ 42. Kd4 Nd1 43. g5 hxg5 44. hxg5 Nf2 45. Nxd6 Ke7
46. Nc4 1-0

[Event "Sparkassen-Open A"]
[Site "Heusenstamm, Martinsee"]
[Date "2022.11.20"]
[Round "6.37"]
[White "Farmani Anosheh, Armin"]
[Black "Benninger, Rudolf"]
[Result "1-0"]
[WhiteElo "2330"]
[BlackElo "1978"]
[PlyCount "51"]
[EventDate "2022.??.??"]
[WhiteTeam "vereinslos"]
[BlackTeam "SC Heusenstamm"]

1. d4 g6 2. c4 Bg7 3. e4 c5 4. d5 d6 5. Bd3 e6 6. Nc3 Ne7 7. h4 a6 8. a4 exd5
9. cxd5 Nd7 10. h5 Ne5 11. a5 h6 12. Be2 g5 13. f4 gxf4 14. Bxf4 f5 15. Nf3
fxe4 16. Nxe5 dxe5 17. Be3 Qd6 18. g4 Bd7 19. Bc4 b5 20. axb6 Qxb6 21. Nxe4 Rf8
22. Bxc5 Qxb2 23. Rb1 Bxg4 24. Rxb2 Bxd1 25. Nd6+ Kd8 26. Rb7 1-0

[Event "Sparkassen-Open A"]
[Site "Heusenstamm, Martinsee"]
[Date "2022.11.20"]
[Round "6.38"]
[White "Haasner, Tom"]
[Black "Minor, Samuel"]
[Result "1-0"]
[WhiteElo "1990"]
[BlackElo "2210"]
[PlyCount "73"]
[EventDate "2022.??.??"]
[WhiteTeam "TSV 1869 Rottendorf"]
[BlackTeam "Wiesbadener SV 1885"]

1. d4 f5 2. e4 fxe4 3. Nc3 Nf6 4. Bg5 Nc6 5. d5 Ne5 6. Qe2 c6 7. f4 Nf7 8. Bxf6
gxf6 9. Qxe4 cxd5 10. Nxd5 e6 11. Bb5 e5 12. O-O-O Bg7 13. Qf5 a6 14. Bd3 d6
15. Qh5 Be6 16. Bf5 Bxf5 17. Qxf5 O-O 18. Nh3 Kh8 19. Kb1 Nh6 20. Qh5 f5 21.
Ng5 Rc8 22. Rhe1 e4 23. g4 Qd7 24. c3 Rce8 25. gxf5 Qxf5 26. Re3 Ng4 27. Rg3
e3+ 28. Kc1 e2 29. Re1 h6 30. Rxg4 Qxd5 31. Qg6 hxg5 32. Rxg5 Qxg5 33. Qxg5 Re6
34. Kd2 Bh6 35. Qh5 Rxf4 36. Kd3 Rf2 37. Qh4 1-0

[Event "Sparkassen-Open A"]
[Site "Heusenstamm, Martinsee"]
[Date "2022.11.20"]
[Round "6.39"]
[White "Poschadel, Andreas Gregor"]
[Black "Blaschke, Henri Johannes"]
[Result "0-1"]
[WhiteElo "2107"]
[BlackElo "1822"]
[PlyCount "78"]
[EventDate "2022.??.??"]
[WhiteTeam "Hamelner SV"]
[BlackTeam "SK Vellmar"]

1. d4 d5 2. c4 e6 3. g3 Nf6 4. Bg2 Bb4+ 5. Bd2 Be7 6. Qc2 c6 7. b3 Nbd7 8. Bc3
b6 9. Nd2 Bb7 10. Ngf3 O-O 11. O-O Rc8 12. Rad1 Qc7 13. Qb2 Rfd8 14. Rfe1 c5
15. dxc5 bxc5 16. e3 Ne8 17. Ne5 Nxe5 18. Bxe5 Qb6 19. cxd5 exd5 20. Qc2 Bf6
21. Bxf6 Nxf6 22. Rc1 Ba6 23. Bf1 Bxf1 24. Rxf1 Qe6 25. Kg2 h5 26. Nf3 Ne4 27.
Qb2 g5 28. Qe5 g4 29. Qxh5 gxf3+ 30. Kg1 Qg6 31. Qh4 Qg5 32. Qh3 Rc6 33. Rfd1
Rh6 34. Qf1 Kg7 35. Kh1 Rdh8 36. Qg1 Rxh2+ 37. Qxh2 Rxh2+ 38. Kxh2 Qh5+ 39. Kg1
Qh3 0-1

[Event "Sparkassen-Open A"]
[Site "Heusenstamm, Martinsee"]
[Date "2022.11.20"]
[Round "6.40"]
[White "Wenzel, Calvin"]
[Black "Büse, Ralf"]
[Result "1-0"]
[WhiteElo "1984"]
[BlackElo "1870"]
[PlyCount "49"]
[EventDate "2022.??.??"]
[WhiteTeam "SK 1980 Gernsheim"]
[BlackTeam "SC Ladja Roßdorf"]

1. e4 e6 2. d4 d5 3. Nc3 Bb4 4. e5 c5 5. a3 Bxc3+ 6. bxc3 Qa5 7. Bd2 Qa4 8. Qg4
Kf8 9. Qd1 Nc6 10. Qb1 c4 11. Nh3 Nge7 12. Nf4 b5 13. Nh5 Bd7 14. g4 a5 15. Qc1
h6 16. Bh3 Ra7 17. O-O Rb7 18. f4 g6 19. Nf6 Bc8 20. f5 g5 21. fxe6 Bxe6 22.
Bg2 Rb8 23. h4 Rd8 24. hxg5 h5 25. gxh5 1-0

[Event "Sparkassen-Open A"]
[Site "Heusenstamm, Martinsee"]
[Date "2022.11.20"]
[Round "6.41"]
[White "Kürschner, Liam"]
[Black "Bräutigam, Thomas"]
[Result "1/2-1/2"]
[WhiteElo "1900"]
[BlackElo "2051"]
[PlyCount "141"]
[EventDate "2022.??.??"]
[WhiteTeam "SK Langen"]
[BlackTeam "SV Würzburg von 1865"]

1. c4 Nf6 2. Nf3 e6 3. g3 d5 4. d4 Bb4+ 5. Bd2 Be7 6. Bg2 O-O 7. O-O c6 8. Qc2
b6 9. b3 Bb7 10. Bc1 Nbd7 11. Bb2 Rc8 12. e3 c5 13. Qe2 dxc4 14. bxc4 Qc7 15.
Nbd2 Ne4 16. Rfd1 Bf6 17. Ne5 Nxd2 18. Qxd2 Bxg2 19. Nxd7 Qxd7 20. Kxg2 cxd4
21. Bxd4 Rfd8 22. Qe2 Qc6+ 23. Qf3 Bxd4 24. Qxc6 Rxc6 25. Rxd4 Rxd4 26. exd4
Rxc4 27. Rd1 Kf8 28. Rd2 Ke7 29. Kf3 Kd6 30. Ke3 Rc3+ 31. Ke4 Ra3 32. h4 g6 33.
Kf4 h6 34. Rc2 f6 35. Kg4 Ra4 36. Rc8 Rxd4+ 37. Kf3 Rd3+ 38. Kg2 Ra3 39. Rh8
Ke7 40. Rxh6 Kf7 41. Rh7+ Kf8 42. Rb7 f5 43. Kg1 Rxa2 44. Kg2 e5 45. Kf3 Ra3+
46. Ke2 Ra5 47. Kf3 Ra3+ 48. Ke2 f4 49. gxf4 exf4 50. Kf1 f3 51. Kg1 Ra2 52.
Kh2 Rxf2+ 53. Kg3 Re2 54. Rxa7 f2 55. Kg2 Re7 56. Ra8+ Kg7 57. Kxf2 Rb7 58. Ra4
b5 59. Rb4 Kf6 60. Ke3 Ke5 61. Kd3 Kd5 62. Kc3 Rc7+ 63. Kb3 Kc5 64. Rg4 Rc6 65.
h5 gxh5 66. Rg5+ Kb6 67. Rxh5 Rg6 68. Rh4 Ka5 69. Rf4 Rg3+ 70. Kb2 b4 71. Rf8
1/2-1/2

[Event "Sparkassen-Open A"]
[Site "Heusenstamm, Martinsee"]
[Date "2022.11.20"]
[Round "6.42"]
[White "Oster, Klaus"]
[Black "Stork, Christopher"]
[Result "1-0"]
[WhiteElo "1916"]
[BlackElo "2021"]
[PlyCount "103"]
[EventDate "2022.??.??"]
[WhiteTeam "SF Dettingen 1950"]
[BlackTeam "SV Oberursel"]

1. d4 d5 2. Nf3 c6 3. g3 Nf6 4. Bg2 Bf5 5. c4 e6 6. Nc3 h6 7. Qb3 Qb6 8. c5 Qa6
9. Bf1 b5 10. a4 Nbd7 11. Ra2 bxa4 12. Rxa4 Qc8 13. Qa3 Be7 14. Rxa7 Rxa7 15.
Qxa7 O-O 16. Bg2 Re8 17. b4 Ne4 18. Nxe4 Bxe4 19. O-O Bf6 20. Bb2 Rd8 21. Ra1
Qb8 22. Qxb8 Rxb8 23. Bc3 Rb7 24. Ra6 Nb8 25. Ra8 Kh7 26. Nd2 Bc2 27. Ra2 Bg6
28. Nb3 Bd8 29. e3 Bd3 30. Bf1 Bxf1 31. Kxf1 Kg6 32. Ra8 Kf6 33. f3 g6 34. e4
h5 35. Bd2 g5 36. h4 Kg6 37. hxg5 Bxg5 38. f4 Bf6 39. Na5 Rb5 40. e5 Bg7 41.
Ra7 Bf8 42. Rc7 Na6 43. Rc8 Rb8 44. Rxc6 Nxb4 45. Rb6 Rxb6 46. cxb6 Na6 47. Nc6
Kf5 48. Ke2 f6 49. Kf3 fxe5 50. fxe5 Ba3 51. b7 Bb2 52. Ne7# 1-0

[Event "Sparkassen-Open A"]
[Site "Heusenstamm, Martinsee"]
[Date "2022.11.20"]
[Round "6.44"]
[White "Markosyan, Aleksandr"]
[Black "Steudel, Max"]
[Result "0-1"]
[WhiteElo "1805"]
[BlackElo "2043"]
[PlyCount "74"]
[EventDate "2022.??.??"]
[WhiteTeam "SG Idstein"]
[BlackTeam "SC Brett vorm Kopp Ffm"]

1. e4 e5 2. Nf3 Nf6 3. Nxe5 d6 4. Nf3 Nxe4 5. Nc3 Nxc3 6. dxc3 Be7 7. Be3 O-O
8. Bd3 Nd7 9. Qd2 Nf6 10. h3 c5 11. c4 Re8 12. O-O-O b5 13. g4 Bb7 14. Qe2 Qa5
15. Kb1 d5 16. cxd5 c4 17. Bf5 Nxd5 18. Rxd5 Bxd5 19. Rd1 Rad8 20. Ne5 Bf6 21.
Nd7 Be6 22. Nxf6+ gxf6 23. Rg1 c3 24. b3 Kh8 25. Bd3 b4 26. g5 Bf5 27. Bb5 Bd7
28. Bxd7 Qa3 29. Bc1 Qxc1+ 30. Kxc1 Rxe2 31. Bf5 Rxf2 32. Bd3 a5 33. Kd1 Rxd3+
34. cxd3 Rxa2 35. Rg3 Rd2+ 36. Kc1 a4 37. bxa4 b3 0-1

[Event "Sparkassen-Open A"]
[Site "Heusenstamm, Martinsee"]
[Date "2022.11.20"]
[Round "6.45"]
[White "Weiss, Matthias"]
[Black "Vihan, Shourya"]
[Result "0-1"]
[WhiteElo "2030"]
[BlackElo "1661"]
[PlyCount "72"]
[EventDate "2022.??.??"]
[WhiteTeam "SF Schöneck"]
[BlackTeam "SV 1934 Ffm-Griesheim"]

1. e4 c6 2. d4 d5 3. exd5 cxd5 4. Bd3 Nc6 5. c3 Nf6 6. Bf4 Bg4 7. Qb3 Qd7 8.
Nd2 e6 9. Ngf3 Bxf3 10. Nxf3 Bd6 11. Bxd6 Qxd6 12. O-O Qc7 13. Rae1 O-O 14. Ne5
Nxe5 15. dxe5 Nd7 16. Qd1 Nxe5 17. Bxh7+ Kxh7 18. Qh5+ Kg8 19. Qxe5 Qxe5 20.
Rxe5 g6 21. Rd1 Rac8 22. Rd4 b5 23. a4 Rb8 24. Re1 bxa4 25. Rxa4 Rxb2 26. g3
Rc8 27. Re3 Rc7 28. Kg2 Kf8 29. h4 Ke7 30. g4 Rb3 31. h5 gxh5 32. gxh5 Rcxc3
33. Rxa7+ Kf6 34. h6 Rxe3 35. fxe3 Rb8 36. Kf3 Rh8 0-1

[Event "Sparkassen-Open A"]
[Site "Heusenstamm, Martinsee"]
[Date "2022.11.20"]
[Round "6.46"]
[White "Woestmann, Ulrich"]
[Black "Müller, Maximilian"]
[Result "0-1"]
[WhiteElo "1991"]
[BlackElo "1736"]
[PlyCount "100"]
[EventDate "2022.??.??"]
[WhiteTeam "SV Ahlen 1954"]
[BlackTeam "SC GEMA St.Ingbert"]

1. b3 Nf6 2. Bb2 d6 3. f4 g6 4. e4 Bg7 5. Nf3 O-O 6. d3 c5 7. Be2 Nc6 8. O-O b5
9. Nc3 Qb6 10. Kh1 e6 11. Qd2 d5 12. e5 Nd7 13. Nd1 Rd8 14. a4 b4 15. d4 Ba6
16. Bxa6 Qxa6 17. Ne3 Rab8 18. Qd3 Qb6 19. Ng4 Na5 20. Nd2 Rbc8 21. Nf6+ Nxf6
22. dxc5 Qxc5 23. exf6 Qxc2 24. Qa6 Qxb2 25. fxg7 Qxd2 26. Qxa5 d4 27. Qxa7 Rc2
28. Qb7 d3 29. a5 Qc3 30. a6 d2 31. Rad1 Qc6 32. Qe7 Qd6 33. Qb7 Qd3 34. Kg1
Qd4+ 35. Kh1 Ra2 36. h3 Qd3 37. Rf2 Qxa6 38. Qxa6 Rxa6 39. Rfxd2 Rxd2 40. Rxd2
Ra1+ 41. Kh2 Rb1 42. Rd3 Kxg7 43. Kg3 Kf6 44. Kf3 Ke7 45. Ke4 f5+ 46. Kd4 Re1
47. Kc5 Re2 48. g4 fxg4 49. hxg4 Re4 50. f5 Rxg4 0-1

[Event "Sparkassen-Open A"]
[Site "Heusenstamm, Martinsee"]
[Date "2022.11.20"]
[Round "6.47"]
[White "Buchinger, Alexis"]
[Black "Kempe, Caius Emilian"]
[Result "1-0"]
[WhiteElo "1774"]
[BlackElo "2001"]
[PlyCount "47"]
[EventDate "2022.??.??"]
[WhiteTeam "SF Neuberg"]
[BlackTeam "USV TU Dresden"]

1. e4 e6 2. d4 d5 3. Nc3 Nf6 4. Bg5 dxe4 5. Nxe4 Be7 6. Nxf6+ Bxf6 7. Bxf6 Qxf6
8. c3 O-O 9. Bd3 c5 10. Qh5 g6 11. Qxc5 Nd7 12. Qd6 Rd8 13. Nf3 b6 14. Be2 Bb7
15. O-O Qf5 16. Rad1 Rac8 17. Qg3 Qa5 18. Ng5 Nf8 19. Qf4 Rd7 20. a3 Rcc7 21.
Ne4 Re7 22. Nf6+ Kg7 23. Ne8+ Rxe8 24. Qxc7 1-0

[Event "Sparkassen-Open A"]
[Site "Heusenstamm, Martinsee"]
[Date "2022.11.20"]
[Round "6.48"]
[White "Hoppstädter, Daniel"]
[Black "von Wahden, Jens"]
[Result "0-1"]
[WhiteElo "1934"]
[BlackElo "1684"]
[PlyCount "80"]
[EventDate "2022.??.??"]
[WhiteTeam "SC Illingen"]
[BlackTeam "SV Oberursel"]

1. d4 Nf6 2. Nf3 d5 3. c4 e6 4. Nc3 Be7 5. cxd5 exd5 6. Bg5 c6 7. Qc2 O-O 8. e3
Nbd7 9. Bd3 Re8 10. O-O Nf8 11. Rab1 Ne4 12. Bf4 Nxc3 13. bxc3 Bd6 14. Bxd6
Qxd6 15. c4 Rb8 16. cxd5 Qxd5 17. Ne5 Be6 18. f4 f6 19. f5 fxe5 20. fxe6 Kh8
21. Bc4 Qd6 22. Qf5 Ng6 23. Qf7 b5 24. Bb3 exd4 25. Qxa7 c5 26. Rf7 Rg8 27. Re7
Qe5 28. exd4 Qe3+ 29. Kh1 c4 30. Bxc4 Ra8 31. Qb7 bxc4 32. Rxg7 Rxg7 33. Qxa8+
Rg8 34. Qd5 Nf4 35. Qxc4 Qe4 36. Qf1 Rxg2 37. Qxf4 Qxf4 38. Kxg2 Qe4+ 39. Kg3
Qxb1 40. Kf4 Qxa2 0-1

[Event "Sparkassen-Open A"]
[Site "Heusenstamm, Martinsee"]
[Date "2022.11.20"]
[Round "6.49"]
[White "Pauls, Wilhelm"]
[Black "Wadiei, Soroush"]
[Result "1-0"]
[WhiteElo "2007"]
[BlackElo "1725"]
[PlyCount "113"]
[EventDate "2022.??.??"]
[WhiteTeam "SG Kaarst 1912/35"]
[BlackTeam "SV Nürtingen 1920"]

1. e4 c5 2. Nf3 a6 3. d4 cxd4 4. c3 d3 5. Bxd3 Nc6 6. O-O d6 7. Nbd2 e5 8. a4
Be6 9. Nc4 b5 10. axb5 axb5 11. Rxa8 Qxa8 12. Nb6 Qa5 13. Nd5 Bxd5 14. exd5 Na7
15. Be3 Nf6 16. Qa1 Qxa1 17. Rxa1 e4 18. Bf1 exf3 19. Rxa7 Nxd5 20. Bxb5+ Kd8
21. Bd4 Kc8 22. Bc6 Ne7 23. Bxf3 f6 24. c4 Kb8 25. Rd7 Kc8 26. Rxd6 Nf5 27.
Rc6+ Kd7 28. Bc3 Bd6 29. Ra6 h5 30. Ra7+ Kc8 31. g3 Bb8 32. Rf7 Bc7 33. Bd5 Re8
34. Kg2 Re7 35. h4 Kd7 36. b3 Bd6 37. Kf3 Ke8 38. Rxe7+ Nxe7 39. Be6 Nc6 40.
Ke4 Ke7 41. Bf5 Nb4 42. Bg6 Na2 43. Bd2 Bc5 44. Kf3 Nb4 45. Bxh5 Nc6 46. Be3
Nd4+ 47. Ke4 Nxb3 48. Bxc5+ Nxc5+ 49. Kd5 Nd3 50. f4 g5 51. hxg5 fxg5 52. fxg5
Nb4+ 53. Kc5 Nd3+ 54. Kb6 Kd6 55. g6 Nc5 56. g7 Nd7+ 57. Kb5 1-0